00503nam a2200145 4500001000700000003000900007005001700016007000300033008004100036100003000077245014900107260005300256300002700309852002100336112142ES-MaACL20230906185443.0t|061121s1911 sp r ||||1| spa d1 aNicolau d'Olwer, Lluís.13aEl teatro de Menandro b: estudio histórico-literario y traducción de los nuevos fragmentos : tesis doctoral / cpor Lluis Nicolau de Olwer. aBarcelona : b[s. n.], c1911 (fTip. L'Avenç) a332 p. ; c26 x 19 cm. aES-MaACLjF-1214